Planes españoles para reconquistar hispanoamérica: 1810-1818

Bewaard in:
Bibliografische gegevens
Hoofdauteur: Heredia, Edmundo A (Auteur)
Formaat: Boek
Taal:Spaans
Gepubliceerd in: Buenos Aires Eudeba 1974
Onderwerpen:
Tags: Voeg label toe
Geen labels, Wees de eerste die dit record labelt!

MARC

LEADER 00000nam a2200000 a 4500
001 UCO2812
003 CL-VaPUC
008 000608e19740000AG |||||||||||||||||spa|d
082 0 4 |a 980.02  |b HER  |2 21 
100 |a Heredia, Edmundo A  |e author  |9 446466 
245 1 0 |a Planes españoles para reconquistar hispanoamérica: 1810-1818 
300 |a 411 p 
942 |c BK 
945 |d 20000608 00:00:00  |a rherrera 
260 |a Buenos Aires  |b Eudeba  |c 1974 
650 7 |a HISTORIA DE AMERICA 1810-1818  |2 CL-VaPUC  |9 446465 
650 0 |a Independencia Americana  |9 395691 
650 7 |a RECONQUISTA  |2 CL-VaPUC  |9 396400 
651 0 |a América  |9 255182 
583 |a last modification  |c 20120830 10:22:30  |k Rodrigo Vera 
999 |c 289307  |d 289305 
952 |0 0  |1 0  |4 0  |6 980_020000000000000_HER_1974  |7 0  |8 A  |9 337589  |a BIBHIS  |b BIBHIS  |d 2019-11-20  |i 1287729  |o 980.02 HER 1974  |p 1287729  |r 2025-01-20  |w 2019-11-20  |y BK  |k HIS